Disertacion histórico-geográfica acerca del parage de la célebre ciudad de Munda, junto a la cual venció Julio Cesar a los hijos de Pompeyo / (Record no. 161119)

MARC details
000 -LEADER
campo de control de longitud fija 00911nam a22002175i 4500
001 - NÚMERO DE CONTROL
campo de control 161119
003 - IDENTIFICADOR DE NÚMERO DE CONTROL
campo de control ES-MaACL
005 - FECHA Y HORA DE LA ÚLTIMA TRANSACCIÓN
campo de control 20250930063141.0
008 - DATOS DE LONGITUD FIJA--INFORMACIÓN GENERAL
campo de control de longitud fija 990201s1862 sp |||| | spa d
040 ## - FUENTE DE CATALOGACIÓN
Centro catalogador/agencia de origen CCPB | B
Lengua de catalogación spa
Centro/agencia transcriptor CCPB | B
100 1# - ENTRADA PRINCIPAL--NOMBRE DE PERSONA
Nombre de persona Ortiz y Sanz, José,
Fechas asociadas al nombre 1739-1822
9 (RLIN) 87661
245 10 - MENCIÓN DEL TÍTULO
Título Disertacion histórico-geográfica acerca del parage de la célebre ciudad de Munda, junto a la cual venció Julio Cesar a los hijos de Pompeyo /
Mención de responsabilidad, etc. obra postuma de Jose Ortiz y Sanz ... ; precedida de una advertencia por D. Salvador Enguídanos.
260 ## - PUBLICACIÓN, DISTRIBUCIÓN, ETC.
Lugar de publicación, distribución, etc. Madrid :
Nombre del editor, distribuidor, etc. [s.n.],
Fecha de publicación, distribución, etc. 1862 (
Fabricante Imprenta de El Clamor Público)
300 ## - DESCRIPCIÓN FÍSICA
Extensión 19, 22 p. ;
Dimensiones 26 cm.
510 4# - NOTA DE CITAS O REFERENCIAS BIBLIOGRÁFICAS
Nombre de la fuente Palau,
Localización dentro de la fuente 206033
650 #4 - PUNTO DE ACCESO ADICIONAL DE MATERIA--TÉRMINO DE MATERIA
Término de materia o nombre geográfico como elemento de entrada Munda, Batalla de, 45 a. C.
9 (RLIN) 136558
700 11 - ENTRADA AGREGADA--NOMBRE PERSONAL
Nombre de persona Enguídanos, Salvador,
Término indicativo de función/relación
9 (RLIN) 126938
752 ## - ENTRADA AGREGADA--NOMBRE JERÁRQUICO DEL LUGAR
País o entidad superior España -
Ciudad Madrid
852 ## - LOCALIZACIÓN
Ubicación ES-MaACL
Número de control de estantería 1597-F-16
Nota libre -- Rust.
Holdings
Estatus retirado Estado de pérdida Estado de daño No para préstamo Colección Biblioteca de origen Biblioteca actual Ubicación en estantería Fecha de adquisición Fuente de adquisición Total de préstamos Signatura topográfica completa Código de barras Visto por última vez Precio de reemplazo Tipo de ítem Koha
        Colección de folletos Biblioteca del Ateneo de Madrid Biblioteca del Ateneo de Madrid Depósito folletos 17/01/2008     1597-F-16 1168757 23/02/2023 23/02/2023 Folleto